LEADER 01266nam--2200397---450- 001 990005894470203316 005 20141107110011.0 010 $a978-88-348-8818-6 035 $a000589447 035 $aUSA01000589447 035 $a(ALEPH)000589447USA01 035 $a000589447 100 $a20131004d2013----km-y0enga50------ba 101 $aita 102 $aIT 105 $a||||||||001yy 200 1 $aFunzione impositiva e forme di tutela$elezioni sul processo tributario$fMassimo Basilavecchia 205 $a2. ed 210 $aTorino$cGiappichelli$d2013 215 $aXXIII, 374 p.$d25 cm 606 0 $aContenzioso tributario$2BNCF 676 $a343.450420269 700 1$aBASILAVECCHIA,$bMassimo$0230011 801 0$aIT$bsalbc$gISBD 912 $a990005894470203316 951 $aXXIV.5.C. 1074$b78017 G.$cXXIV.5.C.$d00294732 951 $aXXIV.5.C. 1074 a$b21194 G.$cXXIV.5.C.$d358873 959 $aBK 969 $aGIU 979 $aCHIARA$b90$c20131004$lUSA01$h0949 979 $aCHIARA$b90$c20131004$lUSA01$h0951 979 $aCHIARA$b90$c20131004$lUSA01$h1001 979 $aFIORELLA$b90$c20141107$lUSA01$h1057 979 $aFIORELLA$b90$c20141107$lUSA01$h1100 996 $aFunzione impositiva e forme di tutela$9233688 997 $aUNISA